000 00680nam a2200241Ia 4500
003 OSt
005 20220925231929.0
006 a|||||r|||| 00| 0
007 ta
008 220923b |||||||| |||| 00| 0 eng d
037 _cGeneral Book
040 _aRTL
_cRTL
_beng
041 _2eng
_aeng
082 _aX;8, N5
100 _aKreitner Robert
_9296378
245 0 _aManagement
250 _a6ed
260 _aMassachusetts
_bHoughton Mifflin
_c1995
300 _axxv, 641p. Bib at the end, Appendix at the end, Glossary at the end
_ccm.
650 _aManagenement
_9237665
942 _hX;8, N5
_cGB
_2CC
999 _c589808
_d589808